Guess the Random Waterparks Song #10 - Statistics

General Stats
  • This quiz has been taken 33 times
  • The average score is 140 of 213
Answer Stats
Answer % Correct
a
100%
I
100%
You
100%
you
100%
your
100%
the
94%
of
88%
in
82%
In
82%
like
82%
me,
82%
me
82%
are.
76%
be
76%
He
76%
he
76%
if
76%
to
76%
where
76%
and
71%
And
71%
have
71%
it"
71%
It's
71%
My
71%
So
71%
so
71%
but
65%
But
65%
could,
65%
had
65%
life
65%
not
65%
out
65%
that
65%
yeah
65%
Yeah
65%
back
59%
before
59%
did
59%
fuck
59%
(HI)
59%
I'd
59%
made
59%
mind
59%
must
59%
never
59%
see
59%
texted
59%
turbulent,
59%
turbulent
59%
was
59%
Awsten
53%
fast
53%
Knight
53%
know
53%
laugh,
53%
own
53%
should
53%
unfuck
53%
unlove
53%
with
53%
about
47%
all
47%
answer
47%
anxiety
47%
believe
47%
blocked
47%
combined
47%
day
47%
feeling
47%
How
47%
Months
47%
months
47%
number,
47%
ooh
47%
said
47%
start?
47%
still
47%
taste
47%
them
47%
yourself
47%
die
41%
Every
41%
Let's
41%
messages
41%
pain
41%
Patrick
41%
permanent
41%
Pete
41%
send
41%
singing
41%
single
41%
songs
41%
split
41%
that's
41%
though
41%
Well,
41%
Writing
41%
brings
35%
Earth
35%
Even
35%
feelings
35%
fucking
35%
gave
35%
hell
35%
left
35%
special
35%
Wentz
35%
"Work
35%
Tour
29%
complacent
24%
grew
24%
Up
24%
laced
18%
sanity
18%
itself
12%
No matching quizzes found
Score Distribution
Percent of People with Each Score
Percentile by Number Answered
Your Score History
You have not taken this quiz